Penalizačné traumy

Zložitá situácia financovania zdravotníctva na Slovensku. Distribútori liekov spolu s výrobcami úverujú zdravotníctvo, aj napriek tomu, že Slovensko nie je lukratívny trh. Pozitíva a negatíva distribučných firiem pôsobiacich na Slovensku.

Salvato in:
Dettagli Bibliografici
Autore principale: Krištofičová, Dagmar
Natura: Capitolo di libro
Lingua:slovacco
Soggetti:
Tags: Aggiungi Tag
Nessun Tag, puoi essere il primo ad aggiungerne!!

MARC

LEADER 00000naa a2200000 4500
001 r032855
005 20230919122844.4
041 0 |a slo 
044 |a SK 
245 1 0 |a Penalizačné traumy  |c Dagmar Krištofičová 
520 |a Zložitá situácia financovania zdravotníctva na Slovensku. Distribútori liekov spolu s výrobcami úverujú zdravotníctvo, aj napriek tomu, že Slovensko nie je lukratívny trh. Pozitíva a negatíva distribučných firiem pôsobiacich na Slovensku. 
610 2 0 |a zdravotníctvo verejné 
610 2 0 |a financovanie 
610 2 0 |a zdroje finančné 
610 2 0 |a distribúcia 
610 2 0 |a liečivá 
610 2 0 |a lekárnictvo 
610 2 0 |a Slovensko 
100 1 |a Krištofičová, Dagmar